International regulations regarding payment terms of trade transactions

Kontrola platieb z perspektívy Viedenskej dohody. Regulácia platieb v rámci Európskej únie. Rakúsko, Nemecko, Veľká Británia, Francúzsko, Taliansko. Regulácie platieb v poľskom právnom systéme. Vzájomné vzťahy medzi medzinárodnými a štátnymi zákonmi.

Na minha lista:
Detalhes bibliográficos
Autor principal: Domiter, Małgorzata
Formato: Capítulo de Livro
Idioma:inglês
Assuntos:
Tags: Adicionar Tag
Sem tags, seja o primeiro a adicionar uma tag!

MARC

LEADER 00000naa$a2200000$$$4500
001 0099108
005 20091208151827.2
041 0 |a eng 
044 |a SK 
245 1 0 |a International regulations regarding payment terms of trade transactions  |c Małgorzata Domiter 
520 |a Kontrola platieb z perspektívy Viedenskej dohody. Regulácia platieb v rámci Európskej únie. Rakúsko, Nemecko, Veľká Británia, Francúzsko, Taliansko. Regulácie platieb v poľskom právnom systéme. Vzájomné vzťahy medzi medzinárodnými a štátnymi zákonmi. 
610 2 0 |a platby obchodné 
610 2 0 |a obchod medzinárodný 
610 2 0 |a regulácia 
610 2 0 |a legislatíva 
610 2 0 |a zákony 
610 2 0 |a Európska únia 
100 1 |a Domiter, Małgorzata